Normal view
MARC view
Entry Topical Term
001 - CONTROL NUMBER
- control field: 24905
003 - CONTROL NUMBER IDENTIFIER
- control field: ARRUPE
005 - DATE AND TIME OF LATEST TRANSACTION
- control field: 20160812091959.0
008 - FIXED-LENGTH DATA ELEMENTS
- fixed length control field: 160812|| aca||aabn | a|a d
040 ## - CATALOGING SOURCE
- Original cataloging agency: ARRUPE
- Transcribing agency: ARRUPE
150 ## - HEADING--TOPICAL TERM
- Topical term or geographic name as entry element: Spiritual direction.
670 ## - SOURCE DATA FOUND
- Source citation: Work cat.: (ARRUPE)0: Hausherr, Irénée, 1891-1978. 24903, Spiritual direction in the ancient christian east /, 1989.